| 000 | 00594nam a2200205 a 4500 | ||
|---|---|---|---|
| 001 | 000023524 | ||
| 005 | 20200930022300.0 | ||
| 008 | 101210s1980 sp r 000 | spa d | ||
| 020 | _a8485823028 | ||
| 040 |
_aDO-SdBNP _bspa _cBNPHU |
||
| 082 |
_axxx _bL318v |
||
| 100 | 1 |
_aLarbene, L. _948488 |
|
| 245 | 1 | 0 |
_aVerdad y falsedad de la Iglesia : _bque hoy es necesario conocer / _cL. Larbene. |
| 260 |
_aMadrid : _bEmpano 14, _c1980. |
||
| 300 |
_a287 p. ; _c20 cm. |
||
| 490 | _aSociologia | ||
| 500 | _aIncluye referencias al pie de páginas | ||
| 830 | 0 |
_aSociologia _933282 |
|
| 049 | _aBNGR | ||
| 999 |
_c23020 _d23020 |
||